000 00528nam a2200193 a 4500
001 1771248326016
003 YourLibrary
005 20260216185647.0
008 260216s2008##################000#0#eng##
020 _a9788183761574
082 0 4 _a320.01
_bAMB
100 1 _aAmbedkar, Sole Nagendra,
_eauthor.
245 1 0 _aReservation Policy: Issues And Implementation :
260 _c2008.
300 _a199 pages
650 0 _aPeople with social disabilities.
942 _cENGLISH
040 _aYourLibrary
_beng
_cYourLibrary
999 _c612724
_d612724